LEADER 01442nam1 2200337 450 001 990009671490403321 005 20190415125846.0 010 $a0080223494 035 $a000967149 035 $aFED01000967149 035 $a(Aleph)000967149FED01 035 $a000967149 100 $a20130124d1978----km-y0itay50------ba 101 0 $aeng 102 $aGB 105 $aa-------001yy 200 1 $aAdvances in pesticide science$eplenary lectures presented at the 4. international congress of pesticide chemistry$eZurich, Switzerland, July 24-28, 1978 (in three parts)$feditor H. Geissbuhler 210 $aOxford$cPergamon press$d1978 215 $a3 v.$d28 cm 300 $aSulla cop. "IUPAC" 463 \1$1001990009671530403321$12001 $a<<3. >>Biochemistry of pests and mode of action of pesticides, pesticide degradation, pesticide residues, formulation chemistry$eSymposia papers presented at the 4. international congress of pesticide chemistry 610 0 $aAntiparassitari$aCongressi$a1978 702 1$aGeissbühler,$bHans 710 12$aInternational congress of pesticide chemistry,$d4.$f<1978 ;$eZurich>$074618 712 01$aInternational union of pure and applied chemistry.$bAnalytical chemistry division.$bCommission on electroanalytical chemistry 801 0$aIT$bUNINA$gRICA$2UNIMARC 901 $aBK 912 $a990009671490403321 959 $aFFABC 996 $aAdvances in pesticide science$9838215 997 $aUNINA LEADER 01635nam 2200541Ia 450 001 9910780237103321 005 20230607214112.0 010 $a0-7914-8890-X 010 $a0-585-46291-7 035 $a(CKB)111087027854226 035 $a(SSID)ssj0000239589 035 $a(PQKBManifestationID)11215742 035 $a(PQKBTitleCode)TC0000239589 035 $a(PQKBWorkID)10240580 035 $a(PQKB)11038555 035 $a(MiAaPQ)EBC3407965 035 $a(OCoLC)52856173 035 $a(MdBmJHUP)muse5856 035 $a(Au-PeEL)EBL3407965 035 $a(CaPaEBR)ebr10587164 035 $a(EXLCZ)99111087027854226 100 $a20011003d2002 uy 0 101 0 $aeng 135 $aurcn||||||||| 181 $ctxt 182 $cc 183 $acr 200 04$aThe roots of Tantra$b[electronic resource] /$fedited by Katherine Anne Harper and Robert L. Brown 210 $aAlbany $cState University of New York Press$dc2002 215 $aix, 270 p. $cill 225 0 $aSUNY series in tantric studies 300 $aBibliographic Level Mode of Issuance: Monograph 311 $a0-7914-5305-7 320 $aIncludes bibliographical references and index. 606 $aTantrism$xHistory 606 $aHindu sects$xHistory 615 0$aTantrism$xHistory. 615 0$aHindu sects$xHistory. 676 $a294.5/514 701 $aHarper$b Katherine Anne$01536217 701 $aBrown$b Robert L.$f1944 Oct. 6-$01536218 801 0$bMiAaPQ 801 1$bMiAaPQ 801 2$bMiAaPQ 906 $aBOOK 912 $a9910780237103321 996 $aThe roots of Tantra$93784805 997 $aUNINA LEADER 04017nam 22006015 450 001 9910254684303321 005 20230126214358.0 010 $a3-319-29538-1 024 7 $a10.1007/978-3-319-29538-1 035 $a(CKB)3710000000653668 035 $a(DE-He213)978-3-319-29538-1 035 $a(MiAaPQ)EBC6314377 035 $a(MiAaPQ)EBC5589025 035 $a(Au-PeEL)EBL5589025 035 $a(OCoLC)948632297 035 $a(EXLCZ)993710000000653668 100 $a20160408d2016 u| 0 101 0 $aeng 135 $aurnn|008mamaa 181 $ctxt$2rdacontent 182 $cc$2rdamedia 183 $acr$2rdacarrier 200 10$aModelling Human Behaviour in Landscapes $eBasic Concepts and Modelling Elements /$fby Oliver Nakoinz, Daniel Knitter 205 $a1st ed. 2016. 210 1$aCham :$cSpringer International Publishing :$cImprint: Springer,$d2016. 215 $a1 online resource (XIX, 255 p. 119 illus., 12 illus. in color.) 225 1 $aQuantitative Archaeology and Archaeological Modelling ,$x2366-5998 311 $a3-319-29536-5 327 $aChapter 1:Introduction and Mathematics -- Chapter 2: Theory of Modelling -- Chapter 3: Software -- Chapter 4: Density -- Chapter 5: Regression and Interpolation -- Chapter 6: Location and Characterisation -- Chapter 7: Point Pattern -- Chapter 8: Boundaries -- Chapter 9: Networks -- Chapter 10: Interaction -- Chapter 11: Perception of Landscapes -- Chapter 12: Simulations. 330 $aThis volume is designed as a 12-lecture textbook, which can serve as a course companion, self teaching guide and handbook for basic concepts. Each lecture comprises 20 pages, in which the methods are introduced, examples shown and the code is given. All examples are computed with open source software, mainly R, and with archaeological data available from the book's website. The book does not describe elaborated high-end models but rather very basic modelling concepts that serve as components in more complex models. The book enables the reader to construct such models by themselves and be sensitive for certain problems. In addition it gives hints for the interpretation of the results. Students are usually quick to apply fancy methods yet fail in the proper interpretation due to a lack of understanding of the underlying principles. This problem is addressed by the proposed book through three concepts: 1. Command line software forces the students to first learn some details before they are able to produce results on their own. 2. The book is focused on principles and methods. When the students understand a few basic principles, they have far better access to a wide range of related methods. 3. Examples of poor analysis highlight common pitfalls. The volume attempts to be an applied, minimalistic and efficient textbook and is based upon several successful courses. 410 0$aQuantitative Archaeology and Archaeological Modelling ,$x2366-5998 606 $aArchaeology 606 $aComputer simulation 606 $aStatistics 606 $aArchaeology$3https://scigraph.springernature.com/ontologies/product-market-codes/X13000 606 $aSimulation and Modeling$3https://scigraph.springernature.com/ontologies/product-market-codes/I19000 606 $aStatistics for Social Sciences, Humanities, Law$3https://scigraph.springernature.com/ontologies/product-market-codes/S17040 615 0$aArchaeology. 615 0$aComputer simulation. 615 0$aStatistics. 615 14$aArchaeology. 615 24$aSimulation and Modeling. 615 24$aStatistics for Social Sciences, Humanities, Law. 676 $a930.102855369 700 $aNakoinz$b Oliver$4aut$4http://id.loc.gov/vocabulary/relators/aut$0781404 702 $aKnitter$b Daniel$4aut$4http://id.loc.gov/vocabulary/relators/aut 801 0$bMiAaPQ 801 1$bMiAaPQ 801 2$bMiAaPQ 906 $aBOOK 912 $a9910254684303321 996 $aModelling Human Behaviour in Landscapes$92466896 997 $aUNINA